Hulk Hogan's WrestleMania Opponents - Statistics

General Stats
  • This quiz has been taken 326 times
  • The average score is 11 of 14
Answer Stats
WrestleMania Opponent % Correct
WrestleMania III Andre the Giant
99%
WrestleMania IV Andre the Giant
99%
WrestleMania V Macho Man Randy Savage
95%
WrestleMania X8 The Rock
94%
WrestleMania I* Rowdy Roddy Piper
90%
WrestleMania IX Yokozuna
89%
WrestleMania VI The Ultimate Warrior
88%
WrestleMania II King Kong Bundy
82%
WrestleMania I* Paul Orndorff
78%
WrestleMania VII Sgt. Slaughter
78%
WrestleMania VIII Sid Justice
73%
WrestleMania XIX Vince McMahon
73%
WrestleMania IX* Ted DiBiase
59%
WrestleMania IX* Irwin R Schyster
45%
No matching quizzes found
Score Distribution
Percent of People with Each Score
Percentile by Number Answered
Your Score History
You have not taken this quiz